Sklepy spożywcze A-Ż - Statystyki

Ogólne statystyki
  • Ten quiz został rozwiązany 565 razy
  • Średni wynik to 11 z 24
Statystyki odpowiedzi
Litera Opis Sklep % Poprawnych
B Własnościcielem tej bardzo populrnej w Polsce sieci sklepów jest portugalska spółka Biedronka
100%
A Niemiecka sieć dyskontów spożywczych, znana z hasła reklamowego Raz ____, zawsze ____ Aldi
89%
D Sieć sklepów Biernackiego skupiająca się na małych miejscowościach Dino
86%
Ż Polska sieć małych sklepów franczyzowych oferująca także produkty gastronomiczne Żabka
85%
L Obecnie jest najpopularniejszą siecią w Polsce, a jej właścicielem jest niemiecka Schwarz Gruppe Lidl
84%
C Francuska sieć marketów znana z reklam z Napoleonem Bonaparte Carrefour
73%
T Brytyjska sieć marketów, która wycofała się z Polski, znana z reklam z Heniem Tesco
69%
N Duńska sieć supermarketów spod znaku czarnego teriera szkockiego na żółtym tle (lub czasem żółtego na czarnym) Netto
63%
K Sieć hipermarketów należąca do Schwarz Gruppe, znana z reklam z przeróbką piosenki Gonna Make You Sweat Kaufland
62%
I Francuska sieć supermarketów prowadzonych przez niezależnych przedsiębiorców zrzeszonych w Grupie Muszkieterów Intermarché
49%
W Jedna z najbardziej znanych amerykańskich sieci marketów, niestety nie operująca w Polsce, ani nawet w Europie Walmart
48%
E Nazwa tej spółki to pierwsza litera imienia oraz nazwisko założyciela - Francuza E.Leclerc
37%
S Początkowo sieć hurtowni dla przedsiębiorców, obecnie jednak jest przyjazna także zwykłym konsumentom Selgros
35%
R Niemiecka sieć hipermarketów, która była obecna w Polsce, ale się wycofała, a jej lokale przejął Auchan Real
32%
J Portugalska spółka zarzązająca kilkoma sieciami sklepów, w tym bardzo popularną polską siecią Jerónimo Martins
27%
M Dawna sieć supermarketów dzieląca nazwę z jednostką długości, przejęta przez Delikatesy Centrum w 2020 Mila
27%
P Wiele sklepów tej polskiej sieci zniknęło w 2014 roku i znalazła się pod szyldem pozycji na literę M Polo Market
25%
G Sieć sklepów typu convenience, którego logo to po prostu flaga Bangladeszu Groszek
24%
F Była sieć małych sklepików convenience, marka należy obecnie do pozycji z litery Ż Freshmarket
14%
O Sieć franczyzowa należąca do Makro (nazywające się Metro poza granicami Polski) zrzeszająca sklepy typu convenience Odido
13%
H Holenderska sieć obecna w Polsce w latach 1998-2007, dopóki wszystkie jej sklepy nie zostały przejęte przez pozycję na literę C Hypernova
8%
X Największy koncern handlu detalicznego w Rosji X5
2%
Z Dawna sieć małych sklepików operująca na obszarze Trójmiasta dopóki nie została przejęta przez pozycję z litery F Zatoka
2%
Y Chińska sieć sklepów z inicjałami YH w żółtym kółku jako logiem Yonghui
1%
Nie znaleziono quizów pasujących do podanych kryteriów
Rozkład punktacji
Procent ludzi z każdym wynikiem
Percentyl według liczby udzielonych odpowiedzi
Twoja historia wyników
Nie rozwiązałeś tego quizu